|
|
|
|
| LEADER |
01147nam a2200313 a 4500 |
| 001 |
31911 |
| 003 |
BD-DhAAL |
| 005 |
20211125120317.0 |
| 008 |
170705s2011 enk b 001 0 eng |
| 999 |
|
|
|c 38208
|d 38208
|
| 010 |
|
|
|a 2011290977
|
| 020 |
|
|
|a 9780199232093 (pbk. alk. paper)
|
| 040 |
|
|
|a DLC
|c DLC
|d BD-DhAAL
|
| 050 |
0 |
0 |
|a KD1715
|b .E45 2011
|
| 082 |
|
|
|2 23
|a 346.54082041
|
| 100 |
1 |
|
|a Ellinger, E. P.
|q (Eliahu Peter),
|d 1933-
|9 21743
|
| 245 |
1 |
0 |
|a Ellinger's Modern banking law /
|c E.P. Ellinger, Eva Lomnicka, and Richard Hooley.
|
| 246 |
3 |
0 |
|a Modern banking law
|
| 250 |
|
|
|a 5th edition.
|
| 260 |
|
|
|a Oxford [England] ;
|a New York :
|b Oxford University Press,
|c 2011.
|
| 300 |
|
|
|a cvi, 948 pages ;
|c 25 cm.
|
| 526 |
|
|
|a SOL
|
| 541 |
|
|
|e 31911
|
| 650 |
|
0 |
|a Banking law
|z Great Britain.
|9 21744
|
| 650 |
|
0 |
|a Law.
|9 43170
|
| 700 |
1 |
|
|a Lomnicka, Eva Z.
|9 21745
|
| 700 |
1 |
|
|a Hooley, Richard,
|c Dr.
|9 21746
|
| 942 |
|
|
|2 ddc
|c BK
|
| 952 |
|
|
|0 0
|1 0
|2 ddc
|4 0
|6 346_540820410000000_ELL
|7 0
|9 60897
|a BRACUL
|b BRACUL
|c GEN
|d 2017-07-06
|e Karim International
|g 5500.00
|l 3
|m 17
|o 346.54082041 ELL
|p 3010031911
|r 2023-05-25
|s 2023-04-02
|t 1
|v 5500.00
|w 2017-07-06
|y BK
|